000 00274nam a2200109Ia 4500
008 190216s9999||||xx |||||||||||||| ||und||
100 _aAbdul Hasan Ali Nadiri
245 0 _aMadha Khasirul Alamalin Hitatul Muslimeen
260 _bNaduatul Ulama
650 _aArabic
942 _cBK
999 _c100
_d100